In our time / (Record no. 200468184)

MARC details
000 -LEADER
fixed length control field 02888cam a22006011i 4500
001 - CONTROL NUMBER
control field 200468184
003 - CONTROL NUMBER IDENTIFIER
control field TR-AnTOB
005 - DATE AND TIME OF LATEST TRANSACTION
control field 20260417155102.0
007 - PHYSICAL DESCRIPTION FIXED FIELD--GENERAL INFORMATION
fixed length control field ta
008 - FIXED-LENGTH DATA ELEMENTS--GENERAL INFORMATION
fixed length control field 260417s1958 nyu 000 1 eng d
010 ## - LIBRARY OF CONGRESS CONTROL NUMBER
LC control number 62001045
020 ## - INTERNATIONAL STANDARD BOOK NUMBER
International Standard Book Number 0684718022
Qualifying information (pbk.)
Canceled/invalid ISBN 0684102420
International Standard Book Number 9780684718026
Qualifying information (pbk.)
International Standard Book Number 9780684822761
International Standard Book Number 0684822768
035 ## - SYSTEM CONTROL NUMBER
System control number (CU-S)b14797124-01ucs_sdi
System control number (CU-SC)991003380539704876-01cdl_scr_inst
System control number 991003380539704876
System control number (OCoLC)01022659
Canceled/invalid control number (OCoLC)284626
-- (OCoLC)6739129
-- (OCoLC)8735403
-- (OCoLC)70422240
-- (OCoLC)610414225
-- (OCoLC)638325206
-- (OCoLC)681676050
-- (OCoLC)793130822
-- (OCoLC)879293588
-- (OCoLC)944144734
-- (OCoLC)1166476534
-- (OCoLC)1166572260
-- (OCoLC)1201927387
System control number (OCoLC)ocm01022659
System control number (EXLNZ-01UCS_NETWORK)9912349002606531
040 ## - CATALOGING SOURCE
Original cataloging agency DLC
Language of cataloging eng
Transcribing agency KSU
Modifying agency DLC
-- SER
-- TVC
-- NCK
-- VVC
-- OCL
-- BTCTA
-- OCLCG
-- S@P
-- GPRCL
-- BEU
-- UW1
-- CGN
-- ZAD
-- OCLCF
-- P4I
-- OCLCA
-- OCLCQ
-- OCLCO
-- IL4I4
-- T8M
-- OCLCQ
-- LMR
-- GK8
-- MNJ
-- TULIB
-- OCLCO
-- IAD
-- OCL
-- AZK
-- OCLCO
-- OCL
-- TPA
-- IAD
-- OCLCA
-- HRY
-- GILDS
-- FWR
-- OCLCQ
-- YXF
-- OCH
-- AU@
-- KZF
-- JDP
-- OCLCO
-- OCLCL
-- OCLCQ
-- OCLCL
-- OCLCQ
-- ISU
-- OCLCL
-- OCLCQ
Description conventions rda
-- TR-AnTOB
041 0# - LANGUAGE CODE
Language code of text/sound track or separate title İngilizce
050 00 - LIBRARY OF CONGRESS CALL NUMBER
Classification number PS3515.E37
Item number I5 1958
090 ## - LOCALLY ASSIGNED LC-TYPE CALL NUMBER (OCLC); LOCAL CALL NUMBER (RLIN)
Classification number (OCLC) (R) ; Classification number, CALL (RLIN) (NR) PS3515.E37
Local cutter number (OCLC) ; Book number/undivided call number, CALL (RLIN) I5 1958 TıpFaK
100 1# - MAIN ENTRY--PERSONAL NAME
Personal name Hemingway, Ernest,
Dates associated with a name 1899-1961.
Relator term author
9 (RLIN) 116947
240 10 - UNIFORM TITLE
Uniform title Short stories.
Form subheading Selections (In our time)
245 10 - TITLE STATEMENT
Title In our time /
Statement of responsibility, etc. stories by Ernest Hemingway.
264 #1 - PRODUCTION, PUBLICATION, DISTRIBUTION, MANUFACTURE, AND COPYRIGHT NOTICE
Place of production, publication, distribution, manufacture New York :
Name of producer, publisher, distributor, manufacturer Scribner,
Date of production, publication, distribution, manufacture, or copyright notice [1958]
Date of production, publication, distribution, manufacture, or copyright notice ©1958
300 ## - PHYSICAL DESCRIPTION
Extent 212 pages
Dimensions 21 cm.
336 ## - CONTENT TYPE
Content type term text
Content type code txt
Source rdacontent
337 ## - MEDIA TYPE
Media type term unmediated
Media type code n
Source rdamedia
338 ## - CARRIER TYPE
Carrier type term volume
Carrier type code nc
Source rdacarrier
490 0# - SERIES STATEMENT
Series statement The Scribner library, SL56
505 00 - FORMATTED CONTENTS NOTE
Title On the quai at Smyrna --
-- Indian camp --
-- The doctor and the doctor's wife --
-- The end of something --
-- The three-day blow --
-- The battler --
-- A very short story --
-- Soldier's home --
-- The revolutionist --
-- Mr. and Mrs. Elliot --
-- Cat in the rain --
-- Out of season --
-- Cross-country snow --
-- My old man --
-- Big two-hearted river --
-- L'envoi.
520 ## - SUMMARY, ETC.
Summary, etc. Short stories in the laconic style of a news reporter.
650 #0 - SUBJECT ADDED ENTRY--TOPICAL TERM
Topical term or geographic name entry element Short stories.
Authority record control number or standard number http://id.loc.gov/authorities/subjects/sh85121813
9 (RLIN) 45955
Topical term or geographic name entry element Short stories.
9 (RLIN) 45955
Topical term or geographic name entry element Nouvelles.
Topical term or geographic name entry element short stories.
Source of heading or term aat
9 (RLIN) 45955
Topical term or geographic name entry element Short stories
Source of heading or term fast
Authority record control number or standard number (OCoLC)fst01117043
9 (RLIN) 45955
655 #7 - INDEX TERM--GENRE/FORM
Genre/form data or focus term short stories.
Source of term aat
9 (RLIN) 153047
Genre/form data or focus term Short stories.
Source of term fast
Authority record control number (OCoLC)fst01726740
9 (RLIN) 153047
Genre/form data or focus term Short stories.
Source of term gsafd
9 (RLIN) 153047
Genre/form data or focus term Short stories.
Source of term lcgft
Authority record control number http://id.loc.gov/authorities/genreForms/gf2014026542
9 (RLIN) 153047
Genre/form data or focus term Nouvelles.
Source of term rvmgf
951 ## - EQUIVALENCE OR CROSS-REFERENCE--GEOGRAPHIC NAME/AREA NAME [OBSOLETE] [CAN/MARC only]
Geographic name ald 100923 Mellon10
-- ar 940908/w
-- rcp 8
Geographic name MARS
942 ## - ADDED ENTRY ELEMENTS (KOHA)
Source of classification or shelving scheme Library of Congress Classification
Koha item type Book
Holdings
Withdrawn status Lost status Source of classification or shelving scheme Not for loan Collection code Home library Current library Shelving location Date acquired Source of acquisition Inventory number Total Checkouts Full call number Date last seen Date shelved Koha item type Public note
    Library of Congress Classification Ödünç Verilemez-Kurumiçi kullanım / Not for loan-For inhouse use Genel Koleksiyon Tıp Fakültesi Medikal Kütüphane Tıp Fakültesi Medikal Kütüphane Genel Koleksiyon / Main Collection 17/04/2026 Bağış / Donation İDE   PS3515.E37 I5 1958 TıpFaK 17/04/2026 17/04/2026 Book Donated by Prof. Dr. Şükrü Cin.
Devinim Yazılım Eğitim Danışmanlık tarafından Koha'nın orjinal sürümü uyarlanarak geliştirilip kurulmuştur.